Indian Standard Recommendations for noise abatement in town planning-IS:4954-1968 (Record no. 8070)

000 -LEADER
fixed length control field 00325nam a22001097a 4500
003 - CONTROL NUMBER IDENTIFIER
control field OSt
005 - DATE AND TIME OF LATEST TRANSACTION
control field 20200704131355.0
008 - FIXED-LENGTH DATA ELEMENTS--GENERAL INFORMATION
fixed length control field 200704b ||||| |||| 00| 0 eng d
245 ## - TITLE STATEMENT
Title Indian Standard Recommendations for noise abatement in town planning-IS:4954-1968
260 ## - PUBLICATION, DISTRIBUTION, ETC. (IMPRINT)
Name of publisher, distributor, etc Indian Standards Institution
Date of publication, distribution, etc New Delhi
942 ## - ADDED ENTRY ELEMENTS (KOHA)
Source of classification or shelving scheme
Holdings
Withdrawn status Lost status Source of classification or shelving scheme Damaged status Not for loan Permanent location Current location Date acquired Barcode Date last seen Price effective from Koha item type
          BMS College of Architecture, Design and Planning BMS College of Architecture, Design and Planning 2020-07-04 AR-BB61 2020-07-04 2020-07-04 Book Bank
          BMS College of Architecture, Design and Planning BMS College of Architecture, Design and Planning 2020-07-04 AR-BB62 2020-07-04 2020-07-04 Book Bank
          BMS College of Architecture, Design and Planning BMS College of Architecture, Design and Planning 2020-07-04 AR-BB63 2020-07-04 2020-07-04 Book Bank
          BMS College of Architecture, Design and Planning BMS College of Architecture, Design and Planning 2020-07-04 AR-BB64 2020-07-04 2020-07-04 Book Bank
          BMS College of Architecture, Design and Planning BMS College of Architecture, Design and Planning 2020-07-04 AR-BB65 2020-07-04 2020-07-04 Book Bank
Copyright © 2025, The Librarian, Library and Information Centre, BMSCA D&P, Bengaluru. All Rights Reserved
web counter

Powered by Koha